[Event "43. Open Ciutat de Badalona 2017"]
[Site "Badalona ESP"]
[Date "2017.08.04"]
[Round "3.7"]
[White "Karthik, Venkataraman"]
[Black "Diaz Camallonga, Carles"]
[Result "1-0"]
[WhiteElo "2316"]
[BlackElo "2437"]
[PlyCount "55"]
[EventDate "2017.08.02"]
[EventType "swiss"]
[EventRounds "9"]
[EventCountry "ESP"]
[SourceTitle "Ajedrez en Madrid"]
[Source "lmi"]
[SourceDate "2017.08.02"]
[SourceVersion "1"]
[SourceVersionDate "2018.07.18"]
[SourceQuality "1"]

1. e4 e6 2. d4 d5 3. Nc3 Bb4 4. e5 c5 5. a3 Bxc3+ 6. bxc3 Qa5 7. Bd2 Qa4 8. h4
Nc6 9. h5 cxd4 10. h6 gxh6 11. Nf3 Nge7 12. Bd3 Ng6 13. Bxh6 dxc3 14. Bg7 Rg8
15. Rxh7 Nf4 16. Bf6 Nxg2+ 17. Kf1 Qg4 18. Ng5 Rxg5 19. Bxg5 Qxg5 20. Rh5 Qf4
21. Kxg2 Nxe5 22. Qe2 Nxd3 23. Rh8+ Ke7 24. Qxd3 Qf6 25. Rah1 b6 26. Qg3 Kd7
27. R1h6 Qf5 28. Rd8+ 1-0

[Event "43. Open Ciutat de Badalona 2017"]
[Site "Badalona ESP"]
[Date "2017.08.04"]
[Round "3.8"]
[White "Ahmed, Sk. Nasir"]
[Black "Fell, Sebastian"]
[Result "1-0"]
[WhiteElo "2311"]
[BlackElo "2328"]
[PlyCount "109"]
[EventDate "2017.08.02"]
[EventType "swiss"]
[EventRounds "9"]
[EventCountry "ESP"]
[SourceTitle "Ajedrez en Madrid"]
[Source "lmi"]
[SourceDate "2017.08.02"]
[SourceVersion "1"]
[SourceVersionDate "2018.07.18"]
[SourceQuality "1"]

1. Nf3 Nf6 2. c4 g6 3. g3 Bg7 4. Bg2 O-O 5. O-O d6 6. d4 Nbd7 7. Nc3 e5 8. e4
c6 9. h3 Qa5 10. Re1 exd4 11. Nxd4 Ne5 12. Bf1 Re8 13. Be3 c5 14. Nb3 Qb4 15.
Qxd6 Nf3+ 16. Kh1 Nxe1 17. Bxc5 Qxc3 18. bxc3 Nxe4 19. Qf4 g5 20. Qc1 b6 21.
Qxe1 Nxg3+ 22. fxg3 Rxe1 23. Rxe1 Bb7+ 24. Kh2 bxc5 25. Re7 Bf3 26. Re3 Bc6 27.
Nxc5 Re8 28. Rxe8+ Bxe8 29. Ne4 h6 30. Bg2 Bd7 31. c5 Kf8 32. Nd6 Ke7 33. c4
Bd4 34. Bd5 f6 35. Nb7 Bc8 36. c6 Bxb7 37. cxb7 Be5 38. Kg2 Kd7 39. Kf3 Kc7 40.
g4 Bc3 41. Ke4 Bb2 42. Kf5 Bc3 43. Kg6 Bb2 44. Kxh6 Bc3 45. Kg6 Bd4 46. Kf5 Bc3
47. c5 Bd4 48. c6 Bc3 49. Ke6 Bd4 50. Be4 Bc3 51. Kd5 Bb2 52. h4 gxh4 53. g5
fxg5 54. b8=Q+ Kxb8 55. Kd6 1-0

[Event "43. Open Ciutat de Badalona 2017"]
[Site "Badalona ESP"]
[Date "2017.08.04"]
[Round "3.9"]
[White "Colome Rovira, Oscar"]
[Black "Lorenzo De La Riva, Lazaro"]
[Result "1/2-1/2"]
[WhiteElo "1806"]
[BlackElo "2415"]
[PlyCount "65"]
[EventDate "2017.08.02"]
[EventType "swiss"]
[EventRounds "9"]
[EventCountry "ESP"]
[SourceTitle "Ajedrez en Madrid"]
[Source "lmi"]
[SourceDate "2017.08.02"]
[SourceVersion "1"]
[SourceVersionDate "2018.07.18"]
[SourceQuality "1"]

1. g3 d5 2. Bg2 c6 3. Nf3 Bf5 4. O-O e6 5. d3 Nf6 6. Nbd2 h6 7. b3 a5 8. a3 Be7
9. Bb2 O-O 10. Ne5 Bh7 11. e4 Nbd7 12. Nxd7 Nxd7 13. Qe2 b5 14. f4 Qc7 15. g4
Rae8 16. Kh1 dxe4 17. dxe4 e5 18. f5 Bg5 19. Nf3 Bf4 20. Rad1 Nf6 21. Ne1 g5
22. Nd3 Nd7 23. Rf3 f6 24. c4 bxc4 25. Nxf4 exf4 26. Qxc4+ Kg7 27. Rfd3 Ne5 28.
Bxe5 Qxe5 29. Qxc6 Bg8 30. Qc3 Qxc3 31. Rxc3 Rc8 32. Rxc8 Rxc8 33. b4 1/2-1/2

[Event "43. Open Ciutat de Badalona 2017"]
[Site "Badalona ESP"]
[Date "2017.08.04"]
[Round "3.10"]
[White "Salinas Herrera, Pablo"]
[Black "Fenil, Shah"]
[Result "1-0"]
[WhiteElo "2411"]
[BlackElo "2326"]
[PlyCount "65"]
[EventDate "2017.08.02"]
[EventType "swiss"]
[EventRounds "9"]
[EventCountry "ESP"]
[SourceTitle "Ajedrez en Madrid"]
[Source "lmi"]
[SourceDate "2017.08.02"]
[SourceVersion "1"]
[SourceVersionDate "2018.07.18"]
[SourceQuality "1"]

1. d4 d5 2. c4 e6 3. Nf3 c6 4. e3 Bd6 5. Bd3 f5 6. O-O Nf6 7. b3 Qe7 8. Bb2 O-O
9. Nc3 Ne4 10. Ne2 Nd7 11. Rc1 Qf6 12. Rc2 Qh6 13. Qc1 Bc7 14. b4 Ndf6 15. Ne5
Ng4 16. h3 Nxe5 17. dxe5 Bd7 18. f3 Bd8 19. Bd4 Be7 20. Rb2 c5 21. fxe4 fxe4
22. Rxf8+ Bxf8 23. bxc5 exd3 24. Nf4 b6 25. cxb6 Ba3 26. bxa7 Bxb2 27. Qxb2 Qh4
28. Nxd3 Qd8 29. cxd5 exd5 30. Nf4 Ba4 31. e6 Qc7 32. Qc3 Qb7 33. Qc5 1-0

[Event "43. Open Ciutat de Badalona 2017"]
[Site "Badalona ESP"]
[Date "2017.08.05"]
[Round "4.1"]
[White "Salinas Herrera, Pablo"]
[Black "Peralta, Fernando"]
[Result "1-0"]
[WhiteElo "2411"]
[BlackElo "2540"]
[PlyCount "93"]
[EventDate "2017.08.02"]
[EventType "swiss"]
[EventRounds "9"]
[EventCountry "ESP"]
[SourceTitle "Ajedrez en Madrid"]
[Source "lmi"]
[SourceDate "2017.08.02"]
[SourceVersion "1"]
[SourceVersionDate "2018.07.18"]
[SourceQuality "1"]

1. d4 Nf6 2. Nf3 e6 3. Bf4 c5 4. e3 Be7 5. c3 Nh5 6. Bg3 Nc6 7. Bd3 d5 8. Nbd2
Bd7 9. Be5 cxd4 10. exd4 Nxe5 11. Nxe5 Nf4 12. Bf1 O-O 13. h4 Bd6 14. Nxd7 Qxd7
15. g3 Ng6 16. h5 Ne7 17. Bd3 Nc6 18. Nf3 a6 19. Rc1 b5 20. Bb1 Qd8 21. Kf1 Qf6
22. Qd3 Qh6 23. Kg2 f5 24. Rce1 Nd8 25. a4 Rb8 26. axb5 axb5 27. Qe2 Qf6 28.
Bd3 b4 29. c4 dxc4 30. Bxc4 Re8 31. Ra1 Kh8 32. Ra6 Nf7 33. Re1 Rbd8 34. Bxe6
Ng5 35. Nxg5 Qxg5 36. Qb5 Rf8 37. Bd7 Bxg3 38. fxg3 Rxd7 39. Qxd7 Qd2+ 40. Kf1
Qd3+ 41. Kf2 f4 42. Qe7 fxg3+ 43. Kg1 Qxd4+ 44. Qe3 Qh4 45. Re2 h6 46. Rb6 Qh3
47. Re6 1-0

[Event "43. Open Ciutat de Badalona 2017"]
[Site "Badalona ESP"]
[Date "2017.08.05"]
[Round "4.2"]
[White "Riu Lopez, Daniel"]
[Black "Karthik, Venkataraman"]
[Result "1-0"]
[WhiteElo "2046"]
[BlackElo "2316"]
[PlyCount "219"]
[EventDate "2017.08.02"]
[EventType "swiss"]
[EventRounds "9"]
[EventCountry "ESP"]
[SourceTitle "Ajedrez en Madrid"]
[Source "lmi"]
[SourceDate "2017.08.02"]
[SourceVersion "1"]
[SourceVersionDate "2018.07.18"]
[SourceQuality "1"]

1. d4 Nf6 2. c4 e6 3. g3 d5 4. Bg2 Bb4+ 5. Bd2 Bd6 6. Nf3 c6 7. O-O Nbd7 8. Qc2
O-O 9. Nc3 dxc4 10. a4 e5 11. a5 exd4 12. Nxd4 Nc5 13. Rfd1 Qe7 14. a6 Nxa6 15.
Rxa6 bxa6 16. Nxc6 Qc7 17. Na4 Bh3 18. Ba5 Qd7 19. Nc5 Qe8 20. Rxd6 Bxg2 21.
Kxg2 Rc8 22. Qa4 Ne4 23. Nxe4 Qxe4+ 24. Kg1 Qxe2 25. Bc3 Rfe8 26. Qxa6 Qe4 27.
Qa4 a6 28. Nd4 Qd3 29. Qc2 Rcd8 30. Qxd3 cxd3 31. Rxd8 Rxd8 32. Kf1 Re8 33. Nb3
Re6 34. Nc5 Rd6 35. Ke1 f6 36. Kd2 Kf7 37. Nxd3 Ke6 38. Ke3 Kd5 39. h4 Re6+ 40.
Kd2 Rd6 41. Nb4+ Kc4+ 42. Kc2 a5 43. Nd3 a4 44. Nf4 Rb6 45. g4 a3 46. bxa3 Rb3
47. Nd5 Rxa3 48. Ne3+ Kc5 49. h5 Ra4 50. Kd3 Rf4 51. Ke2 Ra4 52. h6 gxh6 53.
Bxf6 Ra6 54. Be5 Ra2+ 55. Kf3 Kc6 56. Bg7 Kd7 57. Bxh6 Ke6 58. Bf4 Kf6 59. Kg3
Kg6 60. Be5 h5 61. f4 hxg4 62. Kxg4 Ra4 63. Ng2 Rb4 64. Nh4+ Kf7 65. Kf5 Rb3
66. Ng6 Rb6 67. Nh4 Rb3 68. Ke4 Rb4+ 69. Bd4 Rb1 70. Nf3 Rf1 71. Nd2 Re1+ 72.
Kf5 Rd1 73. Nf3 Rf1 74. Ng5+ Ke7 75. Be5 Rf2 76. Kg6 Re2 77. Bg7 Rf2 78. f5 Rf1
79. f6+ Kd6 80. f7 Rxf7 81. Kxf7 Kd5 82. Ke7 Kc5 83. Ke6 Kc4 84. Kd6 Kd3 85.
Kd5 Ke3 86. Be5 Kd3 87. Bd4 Kd2 88. Kc4 Ke2 89. Kc3 Kf1 90. Kd3 Kg2 91. Be5 Kf2
92. Bf4 Kg2 93. Ke3 Kg1 94. Kf3 Kh1 95. Ne4 Kg1 96. Nf2 Kf1 97. Bh2 Ke1 98. Ne4
Kf1 99. Nd2+ Ke1 100. Ke3 Kd1 101. Kd3 Ke1 102. Bg3+ Kd1 103. Nc4 Kc1 104. Bf2
Kd1 105. Nb2+ Kc1 106. Kc3 Kb1 107. Kb3 Kc1 108. Be3+ Kb1 109. Nc4 Ka1 110. Bd2
1-0

[Event "43. Open Ciutat de Badalona 2017"]
[Site "Badalona ESP"]
[Date "2017.08.05"]
[Round "4.3"]
[White "Iniyan, P."]
[Black "Ahmed, Sk. Nasir"]
[Result "0-1"]
[WhiteElo "2404"]
[BlackElo "2311"]
[PlyCount "76"]
[EventDate "2017.08.02"]
[EventType "swiss"]
[EventRounds "9"]
[EventCountry "ESP"]
[SourceTitle "Ajedrez en Madrid"]
[Source "lmi"]
[SourceDate "2017.08.02"]
[SourceVersion "1"]
[SourceVersionDate "2018.07.18"]
[SourceQuality "1"]

1. d4 d5 2. c4 c6 3. Nf3 Nf6 4. Nc3 dxc4 5. a4 Bf5 6. e3 e6 7. Bxc4 Bb4 8. O-O
Nbd7 9. Qe2 Bg6 10. e4 Bxc3 11. bxc3 Nxe4 12. Ba3 Qc7 13. Rfc1 a6 14. Nh4 Nef6
15. Nxg6 hxg6 16. h3 c5 17. dxc5 Nxc5 18. Rab1 Nfd7 19. Bd5 O-O 20. Bf3 Rfd8
21. Rd1 Rac8 22. g3 b6 23. Qc2 Ne5 24. Be2 Rxd1+ 25. Rxd1 a5 26. f4 Ned7 27.
Bf3 Nf6 28. Rd4 e5 29. fxe5 Qxe5 30. Kg2 Ne6 31. Rd3 Ne4 32. Bxe4 Qxe4+ 33. Kh2
Rc4 34. Qd2 Rxa4 35. Bb2 Ra2 36. Rd6 Ng5 37. Qxg5 Rxb2+ 38. Rd2 f6 0-1

[Event "43. Open Ciutat de Badalona 2017"]
[Site "Badalona ESP"]
[Date "2017.08.05"]
[Round "4.5"]
[White "Ortiz Suarez, Isan Reynaldo"]
[Black "Gukesh, D."]
[Result "1/2-1/2"]
[WhiteElo "2556"]
[BlackElo "2365"]
[PlyCount "154"]
[EventDate "2017.08.02"]
[EventType "swiss"]
[EventRounds "9"]
[EventCountry "ESP"]
[SourceTitle "Ajedrez en Madrid"]
[Source "lmi"]
[SourceDate "2017.08.02"]
[SourceVersion "1"]
[SourceVersionDate "2018.07.18"]
[SourceQuality "1"]

1. Nf3 d5 2. c4 e6 3. g3 Nf6 4. Bg2 Be7 5. d4 O-O 6. O-O dxc4 7. Qc2 a6 8. a4
Bd7 9. Rd1 Bc6 10. Nc3 Bxf3 11. Bxf3 Nc6 12. Bxc6 bxc6 13. Bg5 Nd5 14. Bxe7
Qxe7 15. Ne4 Qb4 16. Rdc1 Rfb8 17. Ra2 Rb6 18. a5 Rb5 19. Qxc4 Qxc4 20. Rxc4
Rab8 21. e3 g6 22. Nc5 Rxb2 23. Rxb2 Rxb2 24. Nxa6 Ra2 25. Rc5 h5 26. h4 Nf6
27. Nb4 Ra1+ 28. Kg2 Nd7 29. Rxc6 Rxa5 30. Rxc7 Nf6 31. Nc6 Ra2 32. Ne5 Ng4 33.
Nxg4 hxg4 34. Rc5 f5 35. Rc7 Kf8 36. Kf1 Rb2 37. Ke1 Ra2 38. Rd7 Ra1+ 39. Ke2
Ra2+ 40. Kf1 Ra1+ 41. Kg2 Ra5 42. Rb7 Ra2 43. Rb5 Ke7 44. d5 exd5 45. Rxd5 Kf6
46. Rd6+ Kf7 47. Kf1 Rb2 48. Ke1 Ra2 49. Rd2 Ra1+ 50. Ke2 Ra3 51. Rb2 Rc3 52.
Ra2 Rc8 53. f3 gxf3+ 54. Kxf3 Rc4 55. Ra7+ Kf6 56. Ra6+ Kf7 57. Rd6 Ra4 58. Rd4
Ra2 59. Kf4 Rf2+ 60. Kg5 Rf3 61. g4 Rxe3 62. gxf5 gxf5 63. Kxf5 Ra3 64. Rd7+
Kg8 65. Rd6 Kg7 66. Rg6+ Kh7 67. Rb6 Ra5+ 68. Kg4 Rc5 69. Rb4 Ra5 70. h5 Rc5
71. Kh4 Ra5 72. Rb7+ Kh6 73. Rb6+ Kh7 74. Rg6 Rb5 75. Rg5 Rxg5 76. Kxg5 Kg7 77.
h6+ Kh7 1/2-1/2

[Event "43. Open Ciutat de Badalona 2017"]
[Site "Badalona ESP"]
[Date "2017.08.05"]
[Round "4.6"]
[White "Krysa, Leandro"]
[Black "Grafl, Florian"]
[Result "1-0"]
[WhiteElo "2537"]
[BlackElo "2364"]
[PlyCount "67"]
[EventDate "2017.08.02"]
[EventType "swiss"]
[EventRounds "9"]
[EventCountry "ESP"]
[SourceTitle "Ajedrez en Madrid"]
[Source "lmi"]
[SourceDate "2017.08.02"]
[SourceVersion "1"]
[SourceVersionDate "2018.07.18"]
[SourceQuality "1"]

1. d4 e6 2. c4 b6 3. Nc3 Bb7 4. a3 f5 5. d5 Nf6 6. g3 Na6 7. Bf4 h6 8. Nf3 g5
9. Be5 d6 10. Qa4+ Ke7 11. Bxf6+ Kxf6 12. dxe6 Nc5 13. Qc2 Nxe6 14. Nd5+ Bxd5
15. cxd5 Ng7 16. O-O-O Be7 17. e4 fxe4 18. Qxe4 Kf7 19. Nd4 Bf6 20. Ne6 Qe8 21.
h4 gxh4 22. Bh3 Nxe6 23. Bxe6+ Ke7 24. gxh4 Kd8 25. f4 c5 26. dxc6 Kc7 27. Rxd6
Kxd6 28. Rd1+ Kc7 29. Rd7+ Qxd7 30. cxd7 Rhf8 31. Qc4+ Kd6 32. Bd5 Rab8 33.
Qc6+ Ke7 34. Qe6+ 1-0

[Event "43. Open Ciutat de Badalona 2017"]
[Site "Badalona ESP"]
[Date "2017.08.05"]
[Round "4.7"]
[White "Jareno Badenas, Aleix"]
[Black "Albo Ruiz, Jose Martin"]
[Result "1/2-1/2"]
[WhiteElo "2113"]
[BlackElo "1884"]
[PlyCount "74"]
[EventDate "2017.08.02"]
[EventType "swiss"]
[EventRounds "9"]
[EventCountry "ESP"]
[SourceTitle "Ajedrez en Madrid"]
[Source "lmi"]
[SourceDate "2017.08.02"]
[SourceVersion "1"]
[SourceVersionDate "2018.07.18"]
[SourceQuality "1"]

1. e4 c6 2. d4 d5 3. exd5 cxd5 4. c4 Nf6 5. Nc3 Nc6 6. Nf3 Bg4 7. cxd5 Nxd5 8.
Qb3 Bxf3 9. gxf3 e6 10. Qxb7 Nxd4 11. Bb5+ Nxb5 12. Qc6+ Ke7 13. Qxb5 Qd7 14.
Nxd5+ Qxd5 15. Qxd5 exd5 16. O-O Ke6 17. Re1+ Kf5 18. Rd1 Rd8 19. Be3 Rd7 20.
Rac1 Be7 21. b3 Rb8 22. Rc6 Rb4 23. Ra6 d4 24. a3 Rxb3 25. Rxd4 Rxd4 26. Bxd4
Bxa3 27. Rxa7 Kg6 28. Kg2 f6 29. Be3 Bd6 30. Rd7 Bf8 31. h3 h6 32. Ra7 Rb5 33.
Rc7 Kf5 34. Rf7 Rb8 35. Rc7 Rb5 36. Rf7 Rb8 37. Rc7 Ke5 1/2-1/2

[Event "43. Open Ciutat de Badalona 2017"]
[Site "Badalona ESP"]
[Date "2017.08.05"]
[Round "4.8"]
[White "Minguell Soler, Joan"]
[Black "Cruz, Filemon"]
[Result "1-0"]
[WhiteElo "1987"]
[BlackElo "2344"]
[PlyCount "125"]
[EventDate "2017.08.02"]
[EventType "swiss"]
[EventRounds "9"]
[EventCountry "ESP"]
[SourceTitle "Ajedrez en Madrid"]
[Source "lmi"]
[SourceDate "2017.08.02"]
[SourceVersion "1"]
[SourceVersionDate "2018.07.18"]
[SourceQuality "1"]

1. Nf3 c5 2. c4 g6 3. g3 Bg7 4. Bg2 Nc6 5. O-O d6 6. Nc3 e6 7. a3 a5 8. e3 Nge7
9. d4 cxd4 10. Nxd4 Nxd4 11. exd4 Nf5 12. d5 e5 13. Bd2 O-O 14. Nb5 Bd7 15. a4
Qb6 16. Bh3 h5 17. Kg2 Rfe8 18. Ra3 Rac8 19. Qe2 Nd4 20. Nxd4 Bxh3+ 21. Kxh3
Qxd4 22. Rc3 e4 23. Bf4 Qf6 24. Kg2 g5 25. Bd2 g4 26. Kg1 Bh6 27. Bxh6 Qxh6 28.
Re1 Re7 29. Qd1 f5 30. c5 Rec7 31. cxd6 Qxd6 32. Qd2 Kf7 33. Rec1 Rxc3 34. bxc3
Rc4 35. Rb1 b6 36. Qg5 Qxd5 37. Qxh5+ Kg7 38. Qg5+ Kf7 39. h4 e3 40. Qxe3 Rxa4
41. Qxb6 Re4 42. Qa6 Re6 43. Qc8 Re7 44. c4 Qf3 45. c5 Qd3 46. Qb8 a4 47. c6
Qc2 48. Qb5 a3 49. Ra1 Kg6 50. Qa6 Rc7 51. Qxa3 Rxc6 52. Qe3 Kf7 53. Re1 Rc7
54. Qe6+ Kg7 55. Qe5+ Kh7 56. Qf6 Qd3 57. h5 Rg7 58. Re6 Qb5 59. Rb6 Qd5 60.
Rd6 Qa5 61. Qh6+ Kg8 62. Qe6+ Kh7 63. Rd5 1-0

[Event "43. Open Ciutat de Badalona 2017"]
[Site "Badalona ESP"]
[Date "2017.08.05"]
[Round "4.9"]
[White "Arjun, Kalyan"]
[Black "Gonzalez Garcia, Jose"]
[Result "1/2-1/2"]
[WhiteElo "2366"]
[BlackElo "2513"]
[PlyCount "105"]
[EventDate "2017.08.02"]
[EventType "swiss"]
[EventRounds "9"]
[EventCountry "ESP"]
[SourceTitle "Ajedrez en Madrid"]
[Source "lmi"]
[SourceDate "2017.08.02"]
[SourceVersion "1"]
[SourceVersionDate "2018.07.18"]
[SourceQuality "1"]

1. e4 c5 2. Nf3 d6 3. d4 cxd4 4. Nxd4 Nf6 5. Nc3 Nc6 6. Bg5 Bd7 7. Qd2 Rc8 8.
f4 h6 9. Bxf6 gxf6 10. O-O-O Nxd4 11. Qxd4 Qa5 12. Kb1 Bg7 13. f5 Qc5 14. Qd3
h5 15. Qf3 h4 16. Bb5 Bc6 17. Rd5 Qb6 18. Bxc6+ bxc6 19. Rd3 Bh6 20. Ne2 Bg5
21. Rb3 Qa6 22. Rd1 Kf8 23. Qd3 Qxd3 24. Rdxd3 Rc7 25. Rb8+ Kg7 26. Rxh8 Kxh8
27. c4 Kg7 28. a3 Rb7 29. Kc2 Rc7 30. Kb1 Rb7 31. Ka2 Rc7 32. b4 Kf8 33. Kb3
Ke8 34. g3 hxg3 35. hxg3 Kd7 36. Nc3 Rc8 37. a4 Rg8 38. b5 Bh6 39. c5 Rg4 40.
cxd6 exd6 41. bxc6+ Kxc6 42. Nb5 Rxe4 43. Rxd6+ Kc5 44. Rxf6 Rb4+ 45. Kc3 Rc4+
46. Kd3 Rxa4 47. Nc3 Rd4+ 48. Kc2 Bd2 49. Rxf7 Bxc3 50. Rc7+ Kd6 51. Rxc3 Ke5
52. Rf3 Kf6 53. Kc3 1/2-1/2

[Event "43. Open Ciutat de Badalona 2017"]
[Site "Badalona ESP"]
[Date "2017.08.05"]
[Round "4.10"]
[White "Narciso Dublan, Marc"]
[Black "Morales, Jhon Alexander"]
[Result "1/2-1/2"]
[WhiteElo "2467"]
[BlackElo "2343"]
[PlyCount "41"]
[EventDate "2017.08.02"]
[EventType "swiss"]
[EventRounds "9"]
[EventCountry "ESP"]
[SourceTitle "Ajedrez en Madrid"]
[Source "lmi"]
[SourceDate "2017.08.02"]
[SourceVersion "1"]
[SourceVersionDate "2018.07.18"]
[SourceQuality "1"]

1. e4 c5 2. Nc3 d6 3. g3 g6 4. Bg2 Bg7 5. d3 Nc6 6. Be3 e5 7. f4 exf4 8. Bxf4
Nge7 9. Nge2 O-O 10. O-O Nd4 11. Rb1 Bg4 12. h3 Nxe2+ 13. Nxe2 Be6 14. c4 Nc6
15. Kh2 Qd7 16. Bd2 Ne5 17. Nf4 b5 18. b3 Rab8 19. Qc2 Nc6 20. Rbe1 Ne5 21. Nd5
1/2-1/2

[Event "43. Open Ciutat de Badalona 2017"]
[Site "Badalona ESP"]
[Date "2017.08.06"]
[Round "5.3"]
[White "Grigoryan, Karen H."]
[Black "Minguell Soler, Joan"]
[Result "1-0"]
[WhiteElo "2570"]
[BlackElo "1987"]
[PlyCount "65"]
[EventDate "2017.08.02"]
[EventType "swiss"]
[EventRounds "9"]
[EventCountry "ESP"]
[SourceTitle "Ajedrez en Madrid"]
[Source "lmi"]
[SourceDate "2017.08.02"]
[SourceVersion "1"]
[SourceVersionDate "2018.07.18"]
[SourceQuality "1"]

1. e4 c5 2. Nf3 Nc6 3. Bb5 g6 4. Bxc6 bxc6 5. O-O Bg7 6. Re1 Nh6 7. c3 O-O 8.
d4 cxd4 9. cxd4 d5 10. e5 Bg4 11. Nbd2 Qb6 12. h3 Bxf3 13. Nxf3 f6 14. b3 fxe5
15. dxe5 Nf5 16. Re2 Ng3 17. Rc2 Ne4 18. Be3 Qa6 19. Rac1 Rfd8 20. Rxc6 Qa5 21.
Qe2 Rd7 22. Rc8+ Rd8 23. R8c7 Qa3 24. R1c6 a6 25. Qc2 Re8 26. Rd7 Rad8 27. Rxd8
Rxd8 28. Rc8 Rf8 29. Qc6 Qa5 30. Qe6+ Kh8 31. Rxf8+ Bxf8 32. Qc8 Kg7 33. Bh6+
1-0

[Event "43. Open Ciutat de Badalona 2017"]
[Site "Badalona ESP"]
[Date "2017.08.06"]
[Round "5.4"]
[White "Oliva Castaneda, Kevel"]
[Black "Krysa, Leandro"]
[Result "1/2-1/2"]
[WhiteElo "2497"]
[BlackElo "2537"]
[PlyCount "40"]
[EventDate "2017.08.02"]
[EventType "swiss"]
[EventRounds "9"]
[EventCountry "ESP"]
[SourceTitle "Ajedrez en Madrid"]
[Source "lmi"]
[SourceDate "2017.08.02"]
[SourceVersion "1"]
[SourceVersionDate "2018.07.18"]
[SourceQuality "1"]

1. e4 e5 2. Nf3 Nc6 3. Bc4 Bc5 4. c3 Nf6 5. d3 d6 6. Bb3 a6 7. h3 Ba7 8. Nbd2
O-O 9. O-O Ne7 10. Re1 Ng6 11. Nf1 Nh5 12. d4 Nhf4 13. Ng3 c6 14. Be3 Qf6 15.
Nh5 Qe7 16. Nxf4 exf4 17. Bd2 Be6 18. Bc2 Bb8 19. Qe2 Bc7 20. Qd3 Rae8 1/2-1/2

[Event "43. Open Ciutat de Badalona 2017"]
[Site "Badalona ESP"]
[Date "2017.08.06"]
[Round "5.5"]
[White "Martinez Perez, Sergio"]
[Black "Ortiz Suarez, Isan Reynaldo"]
[Result "1-0"]
[WhiteElo "1869"]
[BlackElo "2556"]
[PlyCount "137"]
[EventDate "2017.08.02"]
[EventType "swiss"]
[EventRounds "9"]
[EventCountry "ESP"]
[SourceTitle "Ajedrez en Madrid"]
[Source "lmi"]
[SourceDate "2017.08.02"]
[SourceVersion "1"]
[SourceVersionDate "2018.07.18"]
[SourceQuality "1"]

1. d4 Nf6 2. c4 c5 3. d5 a6 4. a4 e6 5. Nc3 exd5 6. cxd5 d6 7. e4 g6 8. h3 Bg7
9. Nf3 O-O 10. Bd3 Nbd7 11. O-O Nh5 12. Bg5 Bf6 13. Be3 Re8 14. Qd2 Rb8 15.
Rfe1 Ne5 16. Be2 Nxf3+ 17. Bxf3 Ng7 18. Rab1 Qa5 19. Bf4 Be5 20. Bxe5 Rxe5 21.
Be2 g5 22. Bf1 Bd7 23. g3 Kh8 24. Bg2 Qb4 25. Kh2 Rg8 26. Qc2 Nh5 27. Re3 Nf6
28. b3 g4 29. h4 Rge8 30. Na2 Qa5 31. Nc1 b5 32. Nd3 b4 33. Nxe5 Rxe5 34. Rf1
Qd8 35. f4 gxf3 36. Rexf3 Ng4+ 37. Kg1 f5 38. Qc4 Bc8 39. Bh3 Qe7 40. exf5 Nf6
41. Bg2 Rxd5 42. Rf4 Re5 43. g4 d5 44. Qc1 Qd6 45. g5 Nh5 46. R4f3 Kg8 47. Re1
Bxf5 48. Rfe3 Be4 49. Qd1 Qg6 50. Bxe4 dxe4 51. Rxe4 Rxe4 52. Qd5+ Qf7 53.
Qxf7+ Kxf7 54. Rxe4 Ng7 55. Re5 Ne6 56. Kf2 c4 57. bxc4 b3 58. Ke3 b2 59. Rf5+
Kg6 60. Rf1 Nc5 61. Kd4 Nxa4 62. c5 Kh5 63. c6 Kxh4 64. c7 Nb6 65. Rb1 Kxg5 66.
Rxb2 Nc8 67. Rb8 Na7 68. Kc5 h5 69. Kb6 1-0

[Event "43. Open Ciutat de Badalona 2017"]
[Site "Badalona ESP"]
[Date "2017.08.06"]
[Round "5.6"]
[White "Peralta, Fernando"]
[Black "Arjun, Kalyan"]
[Result "1-0"]
[WhiteElo "2540"]
[BlackElo "2366"]
[PlyCount "65"]
[EventDate "2017.08.02"]
[EventType "swiss"]
[EventRounds "9"]
[EventCountry "ESP"]
[SourceTitle "Ajedrez en Madrid"]
[Source "lmi"]
[SourceDate "2017.08.02"]
[SourceVersion "1"]
[SourceVersionDate "2018.07.18"]
[SourceQuality "1"]

1. Nf3 d5 2. e3 Nf6 3. c4 c6 4. Nc3 e6 5. b3 Bd6 6. Bb2 O-O 7. d4 Nbd7 8. Be2
b6 9. O-O Bb7 10. Bd3 Qe7 11. Re1 Rad8 12. cxd5 Nxd5 13. Ne4 Ba3 14. Bxa3 Qxa3
15. Qd2 Qe7 16. Rac1 e5 17. Ng3 g6 18. Be4 Qd6 19. Bxd5 Qxd5 20. e4 Qd6 21. Qh6
Qf6 22. Rcd1 exd4 23. e5 Qg7 24. Qxg7+ Kxg7 25. e6 fxe6 26. Nxd4 Nc5 27. b4 e5
28. Rxe5 Kf6 29. Ree1 Na6 30. Ne4+ Kf7 31. Ng5+ Kg8 32. Nde6 Rxd1 33. Rxd1 1-0

[Event "43. Open Ciutat de Badalona 2017"]
[Site "Badalona ESP"]
[Date "2017.08.06"]
[Round "5.7"]
[White "Albo Ruiz, Jose Martin"]
[Black "Fenil, Shah"]
[Result "1/2-1/2"]
[WhiteElo "1884"]
[BlackElo "2326"]
[PlyCount "287"]
[EventDate "2017.08.02"]
[EventType "swiss"]
[EventRounds "9"]
[EventCountry "ESP"]
[SourceTitle "Ajedrez en Madrid"]
[Source "lmi"]
[SourceDate "2017.08.02"]
[SourceVersion "1"]
[SourceVersionDate "2018.07.18"]
[SourceQuality "1"]

1. e4 c5 2. Nf3 e6 3. d4 cxd4 4. Nxd4 Nc6 5. Nc3 Qc7 6. Be2 a6 7. O-O Nf6 8.
Be3 Bb4 9. Nxc6 bxc6 10. Na4 Be7 11. Nb6 Rb8 12. Nxc8 Qxc8 13. Bd4 c5 14. Be5
Rb6 15. Qd3 d6 16. Bc3 O-O 17. b3 d5 18. e5 Nd7 19. f4 c4 20. bxc4 Rc6 21. Qh3
Nb6 22. Bd3 g6 23. Rf3 Re8 24. Raf1 Rxc4 25. Bxc4 Qxc4 26. Kh1 d4 27. Ba1 Nd5
28. Rg1 Rc8 29. Qh6 Bf8 30. Qh4 Be7 31. Qf2 Qxa2 32. Bxd4 Rxc2 33. Qf1 Rd2 34.
Ba7 Bb4 35. Rd3 Rc2 36. Qf3 Rc4 37. Bd4 a5 38. f5 gxf5 39. Qg3+ Kf8 40. Qh4 Ke8
41. Qxh7 Qc2 42. Qg8+ Bf8 43. Rdd1 Qe4 44. Rb1 Nb4 45. Bb6 Qxe5 46. Rgd1 Nc6
47. Re1 Rg4 48. Rxe5 Rxg8 49. Reb5 Bb4 50. Bxa5 Bxa5 51. Rxa5 Rg4 52. Rc5 Nb4
53. h3 Rd4 54. Rb5 Nc6 55. Rc5 Nb4 56. Ra1 Rd7 57. Rc8+ Ke7 58. Rca8 Kf6 59.
Kh2 Rd2 60. R1a7 Nc6 61. Ra2 Rd4 62. R8a4 Rd3 63. Rf2 Ne5 64. Raf4 Rd5 65. Re2
Rd3 66. Rf1 Ng6 67. g3 Ra3 68. Kg2 Ra4 69. Ref2 Ra3 70. Re2 Ra4 71. Rfe1 Ra5
72. Rf1 Ra4 73. Rb1 Ra3 74. Rf2 Ra4 75. Rb5 Ne5 76. Re2 Nc4 77. h4 Ra3 78. Rb8
Ne3+ 79. Kh3 Nd5 80. Kh2 Kg7 81. Rb7 Ra6 82. Rc2 Ra3 83. Re2 Ra6 84. Reb2 Nf6
85. Rc7 Ng4+ 86. Kh3 Ra3 87. Rbb7 Ne5 88. Rb5 Ng4 89. Rb2 Ra1 90. Rbb7 Ne5 91.
Rb2 Ng4 92. Kg2 Ne3+ 93. Kf3 Ra3 94. Ke2 Nd5 95. Rd7 Nf6 96. Rd3 Ra1 97. Kf3
Ng4 98. Kg2 Ne5 99. Rd8 Ng4 100. Rbb8 Ra2+ 101. Kg1 Ra1+ 102. Kg2 Ra2+ 103. Kf1
Rf2+ 104. Kg1 Ra2 105. Rg8+ Kf6 106. h5 Ra1+ 107. Kg2 Ra2+ 108. Kf1 Nh6 109.
Rh8 Kg7 110. Rhe8 Rh2 111. Rb7 Kf6 112. Rh8 Rxh5 113. Kg2 Kg7 114. Re8 Kf6 115.
Rh8 Kg6 116. Rb4 Kg7 117. Rbb8 Rg5 118. Kf3 Rg4 119. Rhe8 Ra4 120. Rb7 Kg6 121.
Reb8 Ng4 122. Rb4 Ne5+ 123. Kg2 Ra2+ 124. Rb2 Rxb2+ 125. Rxb2 Ng4 126. Kf3 e5
127. Rb8 Kf6 128. Ra8 Kg7 129. Rb8 f6 130. Ra8 Nh6 131. Rb8 Nf7 132. Ra8 Ng5+
133. Kf2 f4 134. gxf4 Nh3+ 135. Kf3 Nxf4 136. Ke4 Ne6 137. Kf5 Nd4+ 138. Ke4
Kf7 139. Rb8 Ke6 140. Rb6+ Ke7 141. Ra6 Nb5 142. Ra5 Nd4 143. Rxe5+ fxe5 144.
Kxe5 1/2-1/2